书目信息 |
| 题名: |
应急会话800句
|
|
| 作者: | 曾子凡 编著 | |
| 分册: | ||
| 出版信息: | 广州 广东世界图书出版公司 2005 |
|
| 页数: | 222页 | |
| 开本: | 21cm | |
| 丛书名: | ||
| 单 册: | ||
| 中图分类: | H178 | |
| 科图分类: | ||
| 主题词: | 粤语--口语--广州市 , 粤语 , 口语 | |
| 电子资源: | ||
| ISBN: | 7-5062-6994-5 | |
| 000 | 00831nam0 2200253 450 | |
| 001 | 002910868 | |
| 005 | 20061109151637.60 | |
| 010 | @a7-5062-6994-5@dCNY15.00 | |
| 100 | @a20050104d2005 em y0chiy0110 ea | |
| 101 | 0 | @achi |
| 102 | @aCN@b440000 | |
| 105 | @ay z 000yy | |
| 200 | 1 | @a应急会话800句@9ying ji hui hua 800 ju@e跟我学讲广州话@f曾子凡编著 |
| 210 | @a广州@c广东世界图书出版公司@d2005 | |
| 215 | @a222页@d21cm | |
| 330 | @a本书选择了20个专题的40个常用句子帮助读者学习广东话,每课均有配合练习、替换操练、粤普同形、异形词语介绍、自我对译测验及答案等。 | |
| 517 | 1 | @a跟我学讲广州话@9gen wo xue jiang guang zhou hua |
| 606 | 0 | @a粤语@x口语@y广州市 |
| 606 | 0 | @a粤语 |
| 606 | 0 | @a口语 |
| 690 | @aH178@v4 | |
| 701 | 0 | @a曾子凡@9zeng zi fan@c(语言)@4编著 |
| 801 | 0 | @aCN@bNLC@c20061109 |
| 905 | @a10447@dH178@e34 | |
| 应急会话800句:跟我学讲广州话/曾子凡编著.-广州:广东世界图书出版公司,2005 |
| 222页;21cm |
| ISBN 7-5062-6994-5:CNY15.00 |
| 本书选择了20个专题的40个常用句子帮助读者学习广东话,每课均有配合练习、替换操练、粤普同形、异形词语介绍、自我对译测验及答案等。 |
| ● |
| 相关链接 |
|
|
|
|
正题名:应急会话800句
索取号:H178/34
 
预约/预借
| 序号 | 登录号 | 条形码 | 馆藏地/架位号 | 状态 | 备注 |
| 1 | 0384515 | 203845152 | 第二样本阅览室/ [索取号:H178/34] | 在馆 | |
| 2 | 0384516 | 203845161 | 第四借阅区/ [索取号:H178/34] | 在馆 | |
| 3 | 0384517 | 203845170 | 第四借阅区/ [索取号:H178/34] | 在馆 | |
| 4 | 0384518 | 203845189 | 第四借阅区/ [索取号:H178/34] | 在馆 | |
| 5 | 0384519 | 203845198 | 第四借阅区/ [索取号:H178/34] | 在馆 |